000 00443nam a2200181Ia 4500
003 OSt
005 20240507092721.0
008 210210b1959 xxu||||| |||| 00| 0 eng d
040 _cAL
041 _akan
082 _a859/272
100 _aKALKI
_9148716
_dಕಲ್ಕಿ
245 _aAleyosage 2
_bಅಲೆಯೊಸಗೆ 2
260 _aBengaluru
_b-
_c1959
690 _aKannada Fiction
_9148717
906 _a021144
942 _2ddc
_cBK
999 _c145206
_d145206